[Event "Mistrzostwa Polski Seniorow oraz Osob Ni"]
[Site "WZW "]
[Date "2013.10.04"]
[Round "6.1"]
[White "Kawula, Andrzej"]
[Black "Niecko, Stanislaw"]
[Result "1-0"]
[WhiteElo "1990"]
[BlackElo "1817"]
[PlyCount "69"]
[EventDate "2013.??.??"]

1. c4 c6 2. d4 d5 3. e3 Nf6 4. Nc3 e6 5. Nf3 Nbd7 6. Bd3 dxc4 7. Bxc4 b5 8. Bd3
Ba6 9. O-O c5 10. Re1 Bb7 11. Bc2 Qc7 12. Bd2 Be7 13. Rc1 O-O 14. dxc5 Nxc5 15.
b4 Ncd7 16. Nxb5 Qb8 17. Nbd4 Nd5 18. a3 g6 19. Bb3 Bd6 20. e4 Nf4 21. Bxf4
Bxf4 22. Nxe6 fxe6 23. Bxe6+ Kg7 24. Qxd7+ Kh6 25. Rc5 Bd6 26. Rcc1 Rd8 27. Qa4
Bf4 28. Rcd1 Qc7 29. Bd5 Bxd5 30. exd5 Qc4 31. Rd4 Qc7 32. g3 Bd6 33. Qd1 Rac8
34. Qd2+ Kg7 35. Ng5 1-0

[Event "Mistrzostwa Polski Seniorow oraz Osob Ni"]
[Site "WZW "]
[Date "2013.10.04"]
[Round "6.2"]
[White "Rychlik, Bogdan"]
[Black "Gasik, Piotr"]
[Result "0-1"]
[WhiteElo "1780"]
[BlackElo "2143"]
[PlyCount "120"]
[EventDate "2013.??.??"]

1. e4 Nf6 2. Nc3 d5 3. e5 Nfd7 4. d4 e6 5. Nf3 c5 6. Be3 Qb6 7. a3 Nc6 8. Bb5
a6 9. Bxc6 bxc6 10. dxc5 Bxc5 11. Bxc5 Qxc5 12. O-O Qb6 13. Rb1 c5 14. Re1 Qc7
15. Nxd5 exd5 16. e6 Nf6 17. exf7+ Kxf7 18. Ne5+ Kf8 19. Qf3 Bb7 20. Qf4 Kg8
21. Re2 Rf8 22. Qh4 Qd8 23. Rd1 Qe8 24. f3 Qb5 25. c4 dxc4 26. Nxc4 Bd5 27. Rc1
Re8 28. Rxe8+ Qxe8 29. Re1 Qf7 30. Ne5 Qb7 31. b4 cxb4 32. axb4 Qb6+ 33. Kh1
Qc7 34. Qd4 Bf7 35. Rd1 h5 36. h4 Rh6 37. Re1 Nh7 38. Nxf7 Qxf7 39. Qd8+ Nf8
40. Re8 Re6 41. Rxe6 Qxe6 42. Qd4 g6 43. Kh2 Nd7 44. Qd3 Kg7 45. Kg1 Qe1+ 46.
Kh2 Qxh4+ 47. Kg1 Qe1+ 48. Kh2 Qe5+ 49. Kg1 Qe6 50. Qd4+ Nf6 51. Qc5 Nd5 52. b5
axb5 53. Qxb5 Qb6+ 54. Qxb6 Nxb6 55. g3 Kh6 56. Kf2 Kg5 57. Ke3 Nc4+ 58. Kd3
Nd6 59. Ke3 Kf5 60. Kf2 Ke5 0-1

[Event "Mistrzostwa Polski Seniorow oraz Osob Ni"]
[Site "WZW "]
[Date "2013.10.04"]
[Round "6.3"]
[White "Lada, Ireneusz"]
[Black "Wojcieszyn, Zdzislaw"]
[Result "1/2-1/2"]
[WhiteElo "1933"]
[BlackElo "2005"]
[PlyCount "31"]
[EventDate "2013.??.??"]

1. c4 c5 2. Nf3 Nc6 3. Nc3 Nf6 4. d4 cxd4 5. Nxd4 g6 6. g3 Bg7 7. Nc2 O-O 8.
Bg2 d6 9. O-O Be6 10. b3 Qd7 11. Ne1 Ng4 12. Bb2 f5 13. h3 Nf6 14. Nd5 Bxd5 15.
cxd5 Ne5 16. Bd4 1/2-1/2

[Event "Mistrzostwa Polski Seniorow oraz Osob Ni"]
[Site "WZW "]
[Date "2013.10.04"]
[Round "6.4"]
[White "Muc, Zbigniew"]
[Black "Hucz, Alfred"]
[Result "1-0"]
[WhiteElo "1743"]
[BlackElo "2031"]
[PlyCount "114"]
[EventDate "2013.??.??"]

1. e4 e5 2. Nf3 Nc6 3. Bb5 Be7 4. O-O d6 5. d4 Bd7 6. c3 Nf6 7. Qe2 exd4 8.
cxd4 O-O 9. Nc3 a6 10. Ba4 Bg4 11. Bxc6 bxc6 12. h3 Bd7 13. Rd1 h6 14. Bf4 Re8
15. Rac1 Nh7 16. a3 Nf8 17. Na2 Ng6 18. Bg3 a5 19. Nc3 Qc8 20. Kh2 Rb8 21. Nd2
Qb7 22. Rb1 Qa7 23. Nc4 Qa6 24. f4 f5 25. e5 d5 26. Nd2 Qxe2 27. Nxe2 Nf8 28.
Be1 Ne6 29. Nf3 Ra8 30. g3 Reb8 31. Bc3 Kf7 32. g4 Nf8 33. Kg3 g6 34. Re1 Be6
35. Rbc1 Ke8 36. Rc2 Kd7 37. Nc1 Rb5 38. Nd3 Rb3 39. Rec1 Ra6 40. Nfe1 h5 41.
gxh5 gxh5 42. Nf3 Ng6 43. h4 Rb5 44. Ng5 Bg8 45. Re1 Be6 46. Rg2 Rb3 47. Nc1
Rb8 48. Nd3 Rb3 49. Rc1 Rb8 50. Kh3 Nf8 51. Be1 Rb3 52. Rg3 Rb8 53. Rc2 Raa8
54. Rg1 Rb3 55. Rg3 Rbb8 56. Bd2 Rb5 57. Bc1 Rab8 1-0

[Event "Mistrzostwa Polski Seniorow oraz Osob Ni"]
[Site "WZW "]
[Date "2013.10.04"]
[Round "6.5"]
[White "Kosny, Marek"]
[Black "Duda, Henryk"]
[Result "1-0"]
[WhiteElo "1961"]
[BlackElo "1341"]
[PlyCount "83"]
[EventDate "2013.??.??"]

1. Nf3 d5 2. d4 Nf6 3. g3 e6 4. Bg2 Be7 5. O-O O-O 6. c4 c6 7. Nc3 dxc4 8. a4
b6 9. Ne5 Bb7 10. Nxc4 a5 11. Qb3 Bb4 12. Na2 Nd5 13. e4 b5 14. Ne3 bxa4 15.
Qxa4 Ba6 16. exd5 Bb5 17. Qb3 Na6 18. Nxb4 Bxf1 19. Nxc6 Qd6 20. Bxf1 exd5 21.
Qxd5 Qf6 22. Ng4 Qe6 23. Qxe6 fxe6 24. Rxa5 Nc7 25. Rxa8 Rxa8 26. b4 Ra4 27.
Be3 Nd5 28. b5 Kf7 29. Nge5+ Ke8 30. Bc4 Ra1+ 31. Kg2 Nxe3+ 32. fxe3 Rb1 33.
Kf3 g5 34. h4 h6 35. hxg5 hxg5 36. Kg4 Kf8 37. Kxg5 Kg7 38. g4 Rb2 39. Nd3 Rb1
40. Ndb4 Re1 41. b6 Rh1 42. b7 1-0

[Event "Mistrzostwa Polski Seniorow oraz Osob Ni"]
[Site "WZW "]
[Date "2013.10.04"]
[Round "6.6"]
[White "Santura, Janusz"]
[Black "Solek, Zenon"]
[Result "0-1"]
[WhiteElo "1807"]
[BlackElo "1820"]
[PlyCount "68"]
[EventDate "2013.??.??"]

1. d4 Nf6 2. Nf3 g6 3. c4 b6 4. Nc3 Bb7 5. Qc2 Bg7 6. e4 d6 7. Be2 O-O 8. O-O
Na6 9. a3 c5 10. d5 Nc7 11. Bg5 h6 12. Bf4 Nh5 13. Be3 Ne8 14. Nd2 Nhf6 15. f4
Bc8 16. h3 Nh7 17. Nf3 Nef6 18. Rad1 Bd7 19. e5 Ne8 20. Bd3 Qc8 21. e6 fxe6 22.
dxe6 Bxe6 23. Bxg6 Bf5 24. Bxf5 Qxf5 25. Qxf5 Rxf5 26. Bd2 Nc7 27. Rde1 Rf7 28.
Re2 Nf8 29. g4 Re8 30. Nh4 Nfe6 31. Nf5 Rxf5 32. gxf5 Nd4 33. Rg2 Nxf5 34. Ne4
Kf7 0-1

[Event "Mistrzostwa Polski Seniorow oraz Osob Ni"]
[Site "WZW "]
[Date "2013.10.04"]
[Round "6.7"]
[White "Majewski, Stanislaw"]
[Black "Kondrusik, Aleksander"]
[Result "0-1"]
[WhiteElo "1842"]
[BlackElo "1530"]
[PlyCount "46"]
[EventDate "2013.??.??"]

1. Nf3 Nc6 2. e3 Nf6 3. d4 d5 4. Be2 e6 5. Nbd2 Be7 6. O-O O-O 7. a3 a5 8. c4
b6 9. Qc2 Bb7 10. b3 Nb8 11. Bb2 Nbd7 12. Ne5 c6 13. f4 c5 14. Rad1 cxd4 15.
exd4 Rc8 16. Qb1 Bd6 17. g4 g6 18. Qd3 Qe7 19. g5 Ne8 20. a4 Ng7 21. h4 f5 22.
Bc3 Ne8 23. Nxd7 Qxd7 0-1

[Event "Mistrzostwa Polski Seniorow oraz Osob Ni"]
[Site "WZW "]
[Date "2013.10.04"]
[Round "6.8"]
[White "Feliksinski, Tadeusz"]
[Black "Rusin, Ryszard"]
[Result "1/2-1/2"]
[WhiteElo "1713"]
[BlackElo "1898"]
[PlyCount "82"]
[EventDate "2013.??.??"]

1. e4 e5 2. Nf3 Nf6 3. d4 Nxe4 4. Bd3 d5 5. Nxe5 Be7 6. O-O O-O 7. Nd2 f5 8. f4
c5 9. c3 Nc6 10. Nxc6 bxc6 11. Nf3 cxd4 12. cxd4 c5 13. Be3 Qb6 14. Qc2 cxd4
15. Bxd4 Bc5 16. Bxc5 Nxc5 17. Kh1 Kh8 18. b3 Nxd3 19. Qxd3 Ba6 20. Qxd5 Rad8
21. Qe5 Bxf1 22. Rxf1 Qa6 23. Re1 h6 24. Qb2 Kh7 25. h3 Qd6 26. Qf2 a5 27. Qh4
Rf6 28. Ng5+ Kg8 29. Nf3 Qc5 30. Re2 Kf8 31. Qe1 Rfd6 32. Kh2 Rd1 33. Qh4 R1d4
34. Re4 Rxe4 35. Qxd8+ Re8 36. Qd3 Kg8 37. Ne5 Qf8 38. Qc4+ Kh7 39. Qa6 Rd8 40.
Qg6+ Kg8 41. Qe6+ Kh7 1/2-1/2

[Event "Mistrzostwa Polski Seniorow oraz Osob Ni"]
[Site "WZW "]
[Date "2013.10.04"]
[Round "6.9"]
[White "Grabarczyk, Edmund"]
[Black "Nowak, Adam"]
[Result "0-1"]
[WhiteElo "1394"]
[BlackElo "1399"]
[PlyCount "108"]
[EventDate "2013.??.??"]

1. e4 d6 2. d4 Nf6 3. Nc3 g6 4. Bd3 Bg7 5. Nge2 O-O 6. O-O c5 7. e5 dxe5 8.
dxe5 Ng4 9. f4 Nc6 10. h3 Nh6 11. Be3 Nd4 12. Be4 Nhf5 13. Bxf5 Nxf5 14. Qxd8
Rxd8 15. Bxc5 b6 16. Bf2 Rd2 17. Rac1 Ba6 18. Rfe1 e6 19. g4 Ne7 20. Be3 Rd7
21. Rcd1 Rad8 22. Rxd7 Rxd7 23. Kf2 f6 24. Bd4 f5 25. Be3 g5 26. Nd4 gxf4 27.
Nxe6 fxe3+ 28. Rxe3 Rd2+ 29. Ke1 Rxc2 30. gxf5 Nxf5 31. Rf3 Bc8 32. Nxg7 Kxg7
33. Nb5 a6 34. Nd6 Nxd6 35. exd6 Rc6 36. Rd3 Bd7 37. Kd2 Kf6 38. h4 Ke6 39. Ke3
Rxd6 40. Rxd6+ Kxd6 41. Kf4 h6 42. b4 Kd5 43. a3 Bc8 44. a4 Bd7 45. b5 a5 46.
h5 Kc4 47. Ke5 Kb4 48. Kd6 Kxa4 49. Kxd7 Kxb5 50. Ke6 a4 51. Kf6 a3 52. Kg6 a2
53. Kxh6 a1=Q 54. Kg6 Qh8 0-1